| 000 | 00659cam a2200217 a 4500 | ||
|---|---|---|---|
| 001 | 2110460 | ||
| 005 | 20180109035016.0 | ||
| 008 | 980330s1997 mau 001 0 eng | ||
| 010 | _a 96086779 | ||
| 020 | _a0312136323 | ||
| 040 |
_aDLC _cDLC |
||
| 041 | _aeng | ||
| 080 | _a808.0427 QUA | ||
| 082 | 0 | 0 |
_a808.0427 QUA _221 |
| 100 | _a46 | ||
| 101 | _aEDU | ||
| 245 | 0 | 4 |
_aThe writer's presence : _cedited by Donald McQuade, Robert Atwan. |
| 906 |
_a7 _bcbc _corignew _d2 _eopcn _f19 _gy-gencatlg |
||
| 942 |
_2ddc _cBK |
||
| 999 |
_c39839 _d39839 |
||